000 00652nam a2200241Ia 4500
003 OSt
005 20220918220543.0
006 a|||||r|||| 00| 0
007 ta
008 220917b |||||||| |||| 00| 0 eng d
024 _a146,400
037 _cTextual
040 _aARTS
_cARTS
_beng
041 _2eng
_aeng
082 _aYZ.3, M3
100 _aBlack Jim
_9137784
245 0 _aSocial work in context
_b A comparative study of three social services teams
260 _aLondon
_bTavistock
_c1983
300 _axvii, 264p.
_ccm.
650 _aSOCIOLOGY
942 _hYZ.3, M3
_cTEXL
_2CC
999 _c269156
_d269156